Les pays des personnages de Phobos. - Statistiques

Statistiques générales
  • Ce quiz a été pris 67 fois
  • Le résultat moyen est 18 sur 25
Statistiques - réponses
Personnage Pays % Correct
Léonor France
100%
Kirsten Allemagne
93%
Tao Chine
93%
Safia Inde
93%
Mozart Brésil
91%
Kelly Canada
91%
Marcus États-Unis
91%
Kenji Japon
91%
Elizabeth Royaume-Uni
91%
Alexeï Russie
91%
Logan États-Unis (Hawaï)
87%
Meritxell Espagne
83%
Lucrezia Italie
80%
Samson Nigeria
65%
Valentin Suisse
61%
Inunguak Danemark (Groenland)
57%
Marti Mexique
57%
Fangfang Singapour
57%
Young Corée du Sud
52%
Saga Suède
50%
Oskar Pologne
46%
Nikki Pays-Bas
39%
Meriem Turquie
37%
Faruck Indonésie
28%
Uri Israël
24%
Aucun quiz correspondant
Distribution des résultats
% des personnes avec chaque résultat
Percentile par nombre de réponses
Votre historique - résultats
Vous n’avez pas pris ce quiz